[Event "Klaipeda Rooks Cup"]
[Site "Klaipeda"]
[Date "2022.04.05"]
[Round "7"]
[White "Stasius, Vidmantas"]
[Black "Buivydas, Skirmantas"]
[Result "1-0"]
[WhiteElo "1849"]
[BlackElo "1652"]
[PlyCount "65"]
[EventDate "2022.03.15"]
[EventType "swiss"]
[EventRounds "8"]
[EventCountry "LTU"]
[SourceTitle "CBM 207 Extra"]
[Source "ChessBase"]
[SourceDate "2022.05.31"]
[SourceVersion "1"]
[SourceVersionDate "2022.05.31"]
[SourceQuality "1"]

1. d4 d5 2. c4 e6 3. Nc3 Nf6 4. Bg5 Be7 5. e3 0-0 6. Nf3 Nbd7 7. Bd3 b6 8. cxd5 exd5 9. 0-0 Bb7 10. Rc1 Ne4 11. Bf4 a6 12. Bxc7 Qxc7 13. Nxe4 Qb8 14. Ng3 g6 15. Qa4 b5 16. Qa5 Rc8 17. Qd2 Rxc1 18. Rxc1 Bd6 19. Ne2 Nf6 20. Rc2 Ne4 21. Qa5 Qf8 22. Qb6 Rb8 23. Ne5 Bc8 24. Qa7 Be6 25. Bxe4 dxe4 26. Qxa6 Qd8 27. Nc6 Qc7 28. g3 Bd5 29. Nf4 Bc4 30. Nxb8 Qxb8 31. b3 Bxf4 32. bxc4 bxc4 33. Qxc4 1-0

[Event "Klaipeda-ch"]
[Site "Klaipeda"]
[Date "2020.03.01"]
[Round "7"]
[White "Stasius, Vidmantas"]
[Black "Zirnovas, Martynas"]
[Result "0-1"]
[WhiteElo "1880"]
[BlackElo "1780"]
[PlyCount "86"]
[EventDate "2020.01.19"]
[EventType "tourn"]
[EventRounds "11"]
[EventCountry "LTU"]
[SourceTitle "CBM 195 Extra"]
[Source "ChessBase"]
[SourceDate "2020.05.31"]
[SourceVersion "1"]
[SourceVersionDate "2020.05.31"]
[SourceQuality "1"]

1. d4 Nf6 2. c4 g6 3. Nc3 Bg7 4. e4 d6 5. Nf3 0-0 6. Be2 e5 7. d5 Na6 8. Bg5 h6 9. Bh4 Qe8 10. Nd2 Nh7 11. a3 h5 12. f3 Bh6 13. Bf2 Qe7 14. h4 Nf6 15. Qc2 c6 16. Nf1 cxd5 17. cxd5 Bd7 18. Be3 Bxe3 19. Nxe3 Rac8 20. Rc1 Nc5 21. 0-0 Na4 22. Qd2 Nxc3 23. Rxc3 Rxc3 24. Qxc3 Rc8 25. Qa5 Rc5 26. Qxa7 Be8 27. Qb6 Nd7 28. Qxb7 Qxh4 29. Bb5 Qf4 30. Nc4 Nb6 31. Qxb6 Bxb5 32. Nxd6 Qe3+ 33. Kh2 Bxf1 34. Qd8+ Kg7 35. Ne8+ Kh6 36. Qe7 Qf4+ 37. Kg1 Rc1 38. Qf8+ Kg5 39. Qe7+ f6 40. Ng7 Qe3+ 41. Kh2 Qf4+ 42. Kg1 Bxg2+ 43. Kxg2 Rc2+ 0-1

[Event "Klaipeda-ch"]
[Site "Klaipeda"]
[Date "2020.02.09"]
[Round "5"]
[White "Stasius, Vidmantas"]
[Black "Sibajeva, Marija"]
[Result "1/2-1/2"]
[WhiteElo "1880"]
[BlackElo "2013"]
[PlyCount "83"]
[EventDate "2020.01.19"]
[EventType "tourn"]
[EventRounds "11"]
[EventCountry "LTU"]
[SourceTitle "CBM 195 Extra"]
[Source "ChessBase"]
[SourceDate "2020.05.31"]
[SourceVersion "1"]
[SourceVersionDate "2020.05.31"]
[SourceQuality "1"]

1. d4 Nf6 2. c4 g6 3. Nc3 d5 4. cxd5 Nxd5 5. Nxd5 Qxd5 6. e3 Bg7 7. Ne2 c5 8. Nc3 Qd8 9. d5 0-0 10. Be2 Nd7 11. 0-0 Nb6 12. e4 f5 13. f3 f4 14. Bd2 Bd4+ 15. Kh1 e5 16. Nb5 Bxb2 17. Rb1 Bd4 18. Nxd4 exd4 19. Qc1 Qd6 20. Bb5 a6 21. Bd3 Nd7 22. Re1 g5 23. Ba5 b5 24. e5 Nxe5 25. Rxe5 Qxe5 26. Qxc5 Bb7 27. Re1 Qxd5 28. Qe7 Rf7 29. Be4 Qxa2 30. Qxg5+ Rg7 31. Bxh7+ Kh8 32. Bg6 Qxa5 33. Qh5+ Kg8 34. Bh7+ Rxh7 35. Re8+ Rxe8 36. Qxe8+ Kg7 37. Qe7+ Kg6 38. Qe6+ Kh5 39. Qf5+ Kh6 40. Qf6+ Kh5 41. Qf5+ Kh6 42. Qf6+ 1/2-1/2

[Event "LTU-ch sf"]
[Site "Klaipeda"]
[Date "2019.10.20"]
[Round "6"]
[White "Januseviciute, Donata"]
[Black "Stasius, Vidmantas"]
[Result "0-1"]
[WhiteElo "1520"]
[BlackElo "1880"]
[PlyCount "112"]
[EventDate "2019.10.05"]
[EventType "swiss"]
[EventRounds "8"]
[EventCountry "LTU"]
[SourceTitle "CBM 192 Extra"]
[Source "Chessbase"]
[SourceDate "2019.11.06"]
[SourceVersion "1"]
[SourceVersionDate "2019.11.06"]
[SourceQuality "1"]

1. d4 Nf6 2. c4 g6 3. Nc3 d5 4. e3 Bg7 5. Nf3 0-0 6. Qb3 dxc4 7. Bxc4 Nc6 8. Qc2 a6 9. a3 b5 10. Be2 Bb7 11. 0-0 Na5 12. Rd1 Nd5 13. Bd2 Nb6 14. b3 e6 15. Rac1 Qe7 16. Nb1 Nc6 17. Bc3 Rac8 18. Bb2 Rfd8 19. Qc5 Qd6 20. Qxd6 cxd6 21. Bc3 Nd5 22. Be1 f6 23. Nc3 Nxc3 24. Bxc3 d5 25. Ne1 Bf8 26. Nc2 Rd7 27. Bd2 Rdc7 28. Bd3 e5 29. b4 e4 30. Be2 Na5 31. Na1 Nc4 32. Bxc4 bxc4 33. Bc3 Bc6 34. Rb1 Rb7 35. Rb2 Kf7 36. Nc2 Ke6 37. Ra1 Ba4 38. Ne1 Rcb8 39. f3 f5 40. g4 Be7 41. fxe4 fxe4 42. Ng2 g5 43. Rf2 Rf8 44. Rxf8 Bxf8 45. Ne1 Bd6 46. Ra2 Bd1 47. h3 Ba4 48. Kg2 Rb8 49. Rf2 a5 50. Rf5 h6 51. h4 gxh4 52. Rh5 Bg3 53. Rxh6+ Ke7 54. Ra6 Rf8 55. g5 Rf2+ 56. Kh3 Bd7+ 0-1

[Event "Klaipeda Sea rapid op 16th"]
[Site "Klaipeda"]
[Date "2019.07.27"]
[Round "3"]
[White "Scekaciov, Rostislav"]
[Black "Stasius, Vidmantas"]
[Result "0-1"]
[WhiteElo "1531"]
[BlackElo "1880"]
[PlyCount "112"]
[EventDate "2019.07.27"]
[EventType "swiss (rapid)"]
[EventRounds "7"]
[EventCountry "LTU"]
[SourceTitle "CBM 191 Extra"]
[Source "ChessBase"]
[SourceDate "2019.09.30"]
[SourceVersion "1"]
[SourceVersionDate "2019.09.30"]
[SourceQuality "1"]

1. d4 d5 2. c4 c6 3. Nf3 Nf6 4. Nc3 a6 5. Bf4 e6 6. e3 Be7 7. cxd5 exd5 8. Bd3 0-0 9. 0-0 Bg4 10. h3 Bh5 11. g4 Bg6 12. Bxg6 hxg6 13. Ng5 Nbd7 14. Qf3 Nh7 15. Nxh7 Kxh7 16. Kg2 f5 17. Rh1 Bh4 18. Ne2 g5 19. Bd6 Rf6 20. Bg3 Bxg3 21. Qxg3 Qe7 22. h4 Rh6 23. hxg5 Qxg5 24. Rxh6+ gxh6 25. gxf5 Qxf5 26. Qh4 Rg8+ 27. Ng3 Nf6 28. Rh1 Qe4+ 29. Qxe4+ Nxe4 30. Kf3 Rf8+ 31. Kg2 Rxf2+ 32. Kh3 Rf3 33. Rg1 Rxe3 34. Kh4 Rxg3 35. Rxg3 Nxg3 36. Kxg3 Kg6 37. Kg4 h5+ 38. Kh4 Kf5 39. Kxh5 Ke4 40. Kg4 Kxd4 41. Kf3 Kd3 42. Kf2 Kc2 43. b4 Kb2 44. a4 Kb3 45. b5 cxb5 46. axb5 a5 47. Ke2 a4 48. Kd2 Kb2 49. Kd3 a3 50. Kd4 a2 51. Kxd5 a1Q 52. Kc5 Qa5 53. Kc4 Qc7+ 54. Kb4 Qb6 55. Ka4 Kc3 56. Ka3 Qa5# 0-1

[Event "Klaipeda Sea rapid op 16th"]
[Site "Klaipeda"]
[Date "2019.07.27"]
[Round "5"]
[White "Stasius, Vidmantas"]
[Black "Beliajev, Dmitrij"]
[Result "0-1"]
[WhiteElo "1880"]
[BlackElo "2135"]
[PlyCount "68"]
[EventDate "2019.07.27"]
[EventType "swiss (rapid)"]
[EventRounds "7"]
[EventCountry "LTU"]
[SourceTitle "CBM 191 Extra"]
[Source "ChessBase"]
[SourceDate "2019.09.30"]
[SourceVersion "1"]
[SourceVersionDate "2019.09.30"]
[SourceQuality "1"]

1. d4 Nf6 2. c4 e6 3. Nc3 b6 4. e4 d5 5. e5 Ne4 6. Nxe4 dxe4 7. Ne2 Bb7 8. Nc3 c5 9. d5 exd5 10. cxd5 Be7 11. Bb5+ Kf8 12. 0-0 a6 13. Ba4 b5 14. Bb3 c4 15. Bc2 b4 16. Bxe4 bxc3 17. bxc3 Nd7 18. e6 Nf6 19. Qf3 Bxd5 20. Rd1 fxe6 21. Bg5 Kf7 22. Bxf6 Bxf6 23. Bxd5 exd5 24. Rxd5 Qe7 25. g4 h6 26. h4 Qc7 27. Rad1 Rad8 28. Rxd8 Rxd8 29. Rxd8 Qxd8 30. g5 hxg5 31. hxg5 Qd3 32. Qb7+ Be7 33. Qxa6 Bxg5 34. Qb7+ Be7 0-1

[Event "Klaipeda Sea rapid op 16th"]
[Site "Klaipeda"]
[Date "2019.07.27"]
[Round "7"]
[White "Stasius, Vidmantas"]
[Black "Griksaite, Egle"]
[Result "1-0"]
[WhiteElo "1880"]
[BlackElo "1293"]
[PlyCount "99"]
[EventDate "2019.07.27"]
[EventType "swiss (rapid)"]
[EventRounds "7"]
[EventCountry "LTU"]
[SourceTitle "CBM 191 Extra"]
[Source "ChessBase"]
[SourceDate "2019.09.30"]
[SourceVersion "1"]
[SourceVersionDate "2019.09.30"]
[SourceQuality "1"]

1. d4 Nf6 2. c4 c5 3. d5 g6 4. Nc3 d6 5. e4 Bg7 6. f4 Qc7 7. Nf3 0-0 8. Bd3 Bg4 9. 0-0 Nbd7 10. h3 Bxf3 11. Qxf3 e5 12. f5 b6 13. Kh2 Rab8 14. Nb5 Qd8 15. Nxa7 Ra8 16. Nc6 Qc7 17. Bg5 Nb8 18. Nxb8 Raxb8 19. a4 Nd7 20. Be7 Rfe8 21. Bg5 Nf6 22. Bxf6 Bxf6 23. fxg6 Rf8 24. gxh7+ Kxh7 25. Qxf6 Qd8 26. Qxd8 Rbxd8 27. Rf6 Rd7 28. Raf1 Kg7 29. Be2 Kh7 30. Bh5 Kg7 31. g4 Kg8 32. g5 Kg7 33. h4 Kg8 34. Kg3 Kg7 35. Kg4 Kg8 36. g6 Kg7 37. Rxf7+ Rdxf7 38. Rxf7+ Rxf7 39. gxf7 Kf8 40. Kf5 b5 41. axb5 Ke7 42. Kg6 Kf8 43. Kh7 Ke7 44. Kg7 Kd7 45. f8Q Kc7 46. Bg4 Kb6 47. Qd8+ Kb7 48. Bc8+ Kb8 49. Ba6+ Ka7 50. Qc7+ 1-0

[Event "Klaipeda Sea rapid op 16th"]
[Site "Klaipeda"]
[Date "2019.07.27"]
[Round "6"]
[White "Zebelis, Rimantas"]
[Black "Stasius, Vidmantas"]
[Result "1-0"]
[WhiteElo "1721"]
[BlackElo "1880"]
[PlyCount "109"]
[EventDate "2019.07.27"]
[EventType "swiss (rapid)"]
[EventRounds "7"]
[EventCountry "LTU"]
[SourceTitle "CBM 191 Extra"]
[Source "ChessBase"]
[SourceDate "2019.09.30"]
[SourceVersion "1"]
[SourceVersionDate "2019.09.30"]
[SourceQuality "1"]

1. d4 d6 2. c4 e5 3. Nc3 exd4 4. Qxd4 Nc6 5. Qd1 Nf6 6. g3 Be7 7. Bg2 0-0 8. Nf3 Bf5 9. 0-0 Ne4 10. Nxe4 Bxe4 11. a3 Bf6 12. Qd2 a5 13. Ne1 Bxg2 14. Nxg2 Nd4 15. Qd1 a4 16. Be3 Nb3 17. Rb1 Re8 18. Qc2 Qe7 19. Nf4 c6 20. Rbd1 Rad8 21. Rd3 Be5 22. Ng2 Qf6 23. Rb1 g5 24. h3 Kg7 25. Bb6 Rd7 26. Ne3 h5 27. Ng2 c5 28. Rbd1 d5 29. Bxc5 Nxc5 30. Rxd5 Rxd5 31. Rxd5 b6 32. Ne3 Qg6 33. Qd1 Bxb2 34. h4 gxh4 35. Nf5+ Kh7 36. Nxh4 Qg4 37. Qc2+ Qe4 38. Qxb2 Qxe2 39. Qb1+ Qe4 40. Rxh5+ Kg7 41. Qxb6 Ne6 42. Qb2+ f6 43. Rf5 Nd4 44. Rd5 Ne2+ 45. Kh2 Re7 46. Nf5+ Kg6 47. Nxe7+ Qxe7 48. Qc2+ f5 49. Qd3 Qh7+ 50. Kg2 Qh5 51. Rd6+ Kg5 52. Qe3+ Kg4 53. Qf3+ Kg5 54. Qxh5+ Kxh5 55. c5 1-0

[Event "Klaipeda Rooks Cup"]
[Site "Klaipeda"]
[Date "2019.04.29"]
[Round "4"]
[White "Vainauskas, Haroldas"]
[Black "Stasius, Vidmantas"]
[Result "1/2-1/2"]
[WhiteElo "1344"]
[BlackElo "1920"]
[PlyCount "65"]
[EventDate "2019.04.07"]
[EventType "swiss"]
[EventRounds "7"]
[EventCountry "LTU"]
[SourceTitle "CBM 190 Extra"]
[Source "ChessBase"]
[SourceDate "2019.07.15"]
[SourceVersion "1"]
[SourceVersionDate "2019.07.15"]
[SourceQuality "1"]

1. d4 d6 2. c4 e5 3. Nf3 e4 4. Nfd2 f5 5. Nb3 Nf6 6. Nc3 Be7 7. Bg5 0-0 8. e3 Be6 9. Be2 h6 10. Bxf6 Bxf6 11. 0-0 Nd7 12. Rc1 c6 13. d5 cxd5 14. cxd5 Bf7 15. Nd4 g6 16. Ncb5 Bxd4 17. Qxd4 Nb6 18. Bc4 a6 19. Nc3 Rc8 20. Bb3 Nd7 21. Na4 b5 22. Rxc8 Qxc8 23. Nb6 Nxb6 24. Qxb6 Qc5 25. Qxa6 Bxd5 26. Bxd5+ Qxd5 27. h3 f4 28. exf4 Rxf4 29. Rc1 Rf7 30. Rc8+ Kg7 31. Rd8 Qf5 32. Qb6 Qc5 33. Rxd6 1/2-1/2

[Event "Klaipeda-ch"]
[Site "Klaipeda"]
[Date "2019.03.03"]
[Round "9"]
[White "Stasius, Vidmantas"]
[Black "Jankus, Giedrius"]
[Result "0-1"]
[WhiteElo "1962"]
[BlackElo "1797"]
[PlyCount "76"]
[EventDate "2019.01.20"]
[EventType "tourn"]
[EventRounds "11"]
[EventCountry "LTU"]
[SourceTitle "CBM 189 Extra"]
[Source "ChessBase"]
[SourceDate "2019.06.03"]
[SourceVersion "1"]
[SourceVersionDate "2019.06.03"]
[SourceQuality "1"]

1. e4 e6 2. d4 d5 3. Nc3 Nf6 4. e5 Nfd7 5. f4 c5 6. Nf3 Nc6 7. Be3 a6 8. Qd2 cxd4 9. Nxd4 Bc5 10. Nce2 Qb6 11. c3 0-0 12. b4 Bxd4 13. Nxd4 Nxd4 14. Bxd4 Qc7 15. Bd3 f5 16. exf6 Nxf6 17. 0-0 Bd7 18. a4 b5 19. a5 Ne4 20. Qe3 Bc6 21. Rf3 Rf7 22. Raf1 Re8 23. Rh3 h6 24. g3 Qd7 25. Kg2 Nxc3 26. Bg6 Ne4 27. Bxf7+ Qxf7 28. g4 Qd7 29. Qe2 Qe7 30. Rd1 Rf8 31. g5 Rxf4 32. gxh6 e5 33. h7+ Kh8 34. Rc1 Bd7 35. Rg3 exd4 36. Qh5 Nxg3 37. hxg3 Qe4+ 38. Kh2 Rf2+ 0-1

[Event "Vilnius Boksto op"]
[Site "Vilnius"]
[Date "2018.04.29"]
[Round "5"]
[White "Pidluznij, Gleb"]
[Black "Stasius, Vidmantas"]
[Result "1/2-1/2"]
[WhiteElo "1848"]
[BlackElo "1945"]
[PlyCount "109"]
[EventDate "2018.04.08"]
[EventType "swiss"]
[EventRounds "7"]
[EventCountry "LTU"]
[SourceTitle "CBM 184 Extra"]
[Source "ChessBase"]
[SourceDate "2018.06.28"]
[SourceVersion "1"]
[SourceVersionDate "2018.06.28"]
[SourceQuality "1"]

1. e4 c6 2. d4 d5 3. e5 Bf5 4. Nd2 e6 5. Nb3 Nd7 6. Nf3 Qc7 7. a4 c5 8. Nxc5 Bxc5 9. dxc5 Ne7 10. Bb5 Nc6 11. Bxc6 bxc6 12. 0-0 Nxc5 13. b3 Nd7 14. Bb2 Bg4 15. Re1 0-0 16. Rc1 c5 17. h3 Bxf3 18. Qxf3 Qb6 19. Qe3 Rfc8 20. f4 c4 21. Qxb6 axb6 22. Bd4 Nc5 23. Rb1 Nd7 24. Rbc1 Rc6 25. Kf2 Rac8 26. Rcd1 cxb3 27. cxb3 Nc5 28. Bxc5 bxc5 29. Rd3 c4 30. Rc3 cxb3 31. Rxc6 Rxc6 32. Rb1 Rb6 33. a5 Rb8 34. a6 h5 35. Kg3 Ra8 36. Rxb3 Rxa6 37. Kh4 g6 38. Kg5 Kg7 39. g4 hxg4 40. hxg4 Ra1 41. Rb7 Rf1 42. Rb4 Rf3 43. Rd4 Re3 44. Ra4 Re4 45. Ra7 d4 46. Ra4 Kf8 47. f5 exf5 48. Kf6 Ke8 49. Ra8+ Kd7 50. gxf5 gxf5 51. Ra7+ Kc6 52. Kxf5 Re1 53. Rxf7 d3 54. Rf6+ Kc5 55. Rd6 1/2-1/2

[Event "LTU-chT"]
[Site "Lithuania"]
[Date "2018.04.14"]
[Round "6.2"]
[White "Zilinskas, Vaidotas"]
[Black "Stasius, Vidmantas"]
[Result "0-1"]
[WhiteElo "2023"]
[BlackElo "1957"]
[PlyCount "120"]
[EventDate "2018.01.27"]
[EventType "team-swiss"]
[EventRounds "7"]
[EventCountry "LTU"]
[SourceTitle "EXT 2019"]
[Source "ChessBase"]
[SourceDate "2018.10.10"]
[SourceVersion "1"]
[SourceVersionDate "2018.10.10"]
[SourceQuality "1"]
[WhiteTeam "Siauliai SISZK"]
[BlackTeam "Klaipeda Nesunaikinami"]
[WhiteTeamCountry "LTU"]
[BlackTeamCountry "LTU"]

1. d3 d5 2. c3 Nf6 3. h3 c6 4. g4 e5 5. Bg2 Bd6 6. g5 Ng8 7. Qa4 Ne7 8. h4 Nd7 9. Nd2 f5 10. Nf1 0-0 11. Bd2 b5 12. Qc2 a5 13. c4 bxc4 14. dxc4 Ba6 15. b3 e4 16. Bc3 Qb6 17. Qb2 Bb4 18. Nd2 Bxc3 19. Qxc3 d4 20. Qb2 e3 21. fxe3 dxe3 22. Ndf3 Bxc4 23. h5 Qb4+ 24. Kf1 Qb8 25. Qd4 Bd5 26. Qxe3 Qd6 27. Rc1 f4 28. Qc3 Nf5 29. Kf2 Ng3 30. Qd4 Nxh1+ 31. Bxh1 Qe6 32. Bg2 Rae8 33. Bh3 Qe3+ 34. Qxe3 fxe3+ 35. Kg3 Ne5 36. Nd4 Rf2 37. Rc5 a4 38. bxa4 Nf7 39. Nxc6 Bxc6 40. Rxc6 Nxg5 41. Bg4 Ne4+ 42. Kh3 Rd8 43. Rc8 Rxc8 44. Bxc8 Nc5 45. a5 Rf8 46. Bg4 Ra8 47. Bf3 Rxa5 48. Bd5+ Kf8 49. Kg4 Ke7 50. Bg8 Ne4 51. Kf4 Nf6 52. Bb3 Nxh5+ 53. Kxe3 g5 54. Kf3 Nf6 55. e3 Kd6 56. Ne2 Ke5 57. Nd4 g4+ 58. Ke2 Rc5 59. a4 Nd5 60. Nb5 Nc3+ 0-1

[Event "Klaipeda-ch"]
[Site "Klaipeda"]
[Date "2018.02.04"]
[Round "5"]
[White "Stasius, Vidmantas"]
[Black "Gluchaciov, Nikolaj"]
[Result "1-0"]
[WhiteElo "1957"]
[BlackElo "1750"]
[PlyCount "79"]
[EventDate "2018.01.14"]
[EventType "tourn"]
[EventRounds "11"]
[EventCountry "LTU"]
[SourceTitle "EXT 2019"]
[Source "ChessBase"]
[SourceDate "2018.10.10"]
[SourceVersion "1"]
[SourceVersionDate "2018.10.10"]
[SourceQuality "1"]

1. d4 Nf6 2. c4 g6 3. Nc3 Bg7 4. e4 d6 5. Nf3 0-0 6. Be2 Bg4 7. 0-0 Nbd7 8. Ne1 Bxe2 9. Qxe2 e5 10. d5 Ne8 11. Be3 f5 12. f3 f4 13. Bf2 g5 14. g4 fxg3 15. hxg3 Kh8 16. Kg2 Rg8 17. Nc2 Nf8 18. Ne3 Ng6 19. Rh1 Bf8 20. Rh2 Rg7 21. Nf5 Rf7 22. Rah1 c5 23. Be3 Be7 24. Qd2 Bf6 25. Nd1 g4 26. fxg4 b5 27. cxb5 a6 28. bxa6 Rxa6 29. Nc3 Rb7 30. g5 Bxg5 31. Bxg5 Rxb2 32. Rxh7+ Kg8 33. Qxb2 Qxg5 34. Nh6+ Kxh7 35. Nf7+ Qh4 36. gxh4 Nf4+ 37. Kf3 Ng7 38. Rg1 c4 39. Rxg7+ Kxg7 40. Qb7 1-0

[Event "Klaipeda-ch"]
[Site "Klaipeda"]
[Date "2018.01.20"]
[Round "2"]
[White "Stasius, Vidmantas"]
[Black "Ogiala, Andrius"]
[Result "1/2-1/2"]
[WhiteElo "1957"]
[BlackElo "1910"]
[PlyCount "114"]
[EventDate "2018.01.14"]
[EventType "tourn"]
[EventRounds "11"]
[EventCountry "LTU"]
[SourceTitle "EXT 2019"]
[Source "ChessBase"]
[SourceDate "2018.10.10"]
[SourceVersion "1"]
[SourceVersionDate "2018.10.10"]
[SourceQuality "1"]

1. Nf3 d5 2. d4 c6 3. c3 Bg4 4. Ne5 Bh5 5. g4 Bg6 6. h4 Nd7 7. h5 Be4 8. f3 Bxb1 9. Rxb1 Nxe5 10. dxe5 Qb6 11. Qd3 e6 12. b4 Qc7 13. f4 a5 14. b5 Bc5 15. Be3 Bxe3 16. Qxe3 cxb5 17. Rxb5 Rc8 18. Rh3 Ne7 19. Qa7 Rb8 20. Qxa5 Qxa5 21. Rxa5 Kd7 22. e3 Kc6 23. Rh2 Ra8 24. Rb5 Ra3 25. Rhb2 Rb8 26. Kd2 b6 27. Bd3 h6 28. R5b3 Ra5 29. Bb5+ Kc7 30. a4 Rd8 31. Ke2 Nc8 32. Rb4 Na7 33. Bd3 Rb8 34. Bb5 Nxb5 35. axb5 Kb7 36. c4 Rd8 37. Rd2 Kc7 38. cxd5 exd5 39. Rc2+ Kb7 40. Rd2 Kc7 41. e4 d4 42. Rc2+ Kb7 43. Kd2 d3 44. Rcb2 Ra1 45. Rb1 Ra2+ 46. R4b2 Ra4 47. Rb4 Ra2+ 48. Ke3 Ra3 49. Rd1 d2+ 50. Ke2 Rh3 51. Rb2 Rh2+ 52. Ke3 Rh3+ 53. Kf2 Rh2+ 54. Kg3 Re2 55. Kf3 Rh2 56. Kg3 Re2 57. Kf3 Rh2 1/2-1/2

[Event "Klaipeda-ch"]
[Site "Klaipeda"]
[Date "2018.01.14"]
[Round "1"]
[White "Sibajeva, Marija"]
[Black "Stasius, Vidmantas"]
[Result "1/2-1/2"]
[WhiteElo "1931"]
[BlackElo "1957"]
[PlyCount "37"]
[EventDate "2018.01.14"]
[EventType "tourn"]
[EventRounds "11"]
[EventCountry "LTU"]
[SourceTitle "EXT 2019"]
[Source "ChessBase"]
[SourceDate "2018.10.10"]
[SourceVersion "1"]
[SourceVersionDate "2018.10.10"]
[SourceQuality "1"]

1. e4 c6 2. d4 d5 3. Nc3 a6 4. exd5 cxd5 5. a4 Nc6 6. Nf3 Bg4 7. Be2 Nf6 8. h3 Bh5 9. Be3 e6 10. 0-0 Bd6 11. Nd2 Bg6 12. Nb3 Nb4 13. Rc1 Rc8 14. Qd2 0-0 15. Bd1 Re8 16. Bf4 Qc7 17. Bxd6 Qxd6 18. Re1 b6 19. a5 1/2-1/2

[Event "Klaipeda Sea op-A 14th"]
[Site "Klaipeda"]
[Date "2017.07.30"]
[Round "7"]
[White "Kaunas, Kestutis"]
[Black "Stasius, Vidmantas"]
[Result "0-1"]
[WhiteElo "2156"]
[BlackElo "1946"]
[PlyCount "79"]
[EventDate "2017.07.24"]
[EventType "swiss"]
[EventRounds "7"]
[EventCountry "LTU"]
[SourceTitle "CBM 179 Extra"]
[Source "ChessBase"]
[SourceDate "2017.08.23"]
[SourceVersion "1"]
[SourceVersionDate "2017.08.23"]
[SourceQuality "1"]

1. e4 c5 2. c3 g6 3. d4 cxd4 4. cxd4 d5 5. exd5 Qxd5 6. Nc3 Qd8 7. Bc4 Nf6 8. Qb3 e6 9. Nf3 Bg7 10. 0-0 0-0 11. d5 exd5 12. Nxd5 Nbd7 13. Rd1 Nxd5 14. Bxd5 Qb6 15. Be3 Qxb3 16. axb3 Nf6 17. Bc4 a6 18. Bc5 Re8 19. Bb5 Bf8 20. Bd4 Bd7 21. Bc4 Ne4 22. Bd5 Bc6 23. Bxc6 bxc6 24. Rdc1 c5 25. Be3 Bg7 26. Rc2 Rab8 27. Ra3 Red8 28. Kf1 Rd1+ 29. Ke2 Rb1 30. Ra4 f5 31. Nd2 Rxb2 32. Rxb2 Nc3+ 33. Kf3 Nxa4 34. Ra2 Nc3 35. Rxa6 Rd8 36. Nc4 Bd4 37. Rd6 Rxd6 38. Nxd6 Kf8 39. Bxd4 cxd4 40. Kf4 0-1

[Event "Klaipeda Sea op-A 14th"]
[Site "Klaipeda"]
[Date "2017.07.29"]
[Round "6"]
[White "Stasius, Vidmantas"]
[Black "Juksta, Karolis"]
[Result "0-1"]
[WhiteElo "1946"]
[BlackElo "2090"]
[PlyCount "42"]
[EventDate "2017.07.24"]
[EventType "swiss"]
[EventRounds "7"]
[EventCountry "LTU"]
[SourceTitle "CBM 179 Extra"]
[Source "ChessBase"]
[SourceDate "2017.08.23"]
[SourceVersion "1"]
[SourceVersionDate "2017.08.23"]
[SourceQuality "1"]

1. e4 e6 2. d4 d5 3. Nc3 Nf6 4. e5 Nfd7 5. f4 c5 6. dxc5 Nc6 7. Bd3 Nxc5 8. Nf3 Qb6 9. Be3 Qxb2 10. Nb5 Nxd3+ 11. Qxd3 Qxa1+ 12. Kf2 Qxh1 13. Nc7+ Kd8 14. Nxa8 Be7 15. Nd4 Bh4+ 16. Kf3 Qxh2 17. Nxc6+ bxc6 18. Qa3 Qg3+ 19. Ke2 Qe1+ 20. Kd3 Ba6+ 21. Kd4 Qa1+ 0-1

[Event "Klaipeda Sea op-A 14th"]
[Site "Klaipeda"]
[Date "2017.07.27"]
[Round "4"]
[White "Stasius, Vidmantas"]
[Black "Piksrys, Rutenis"]
[Result "1-0"]
[WhiteElo "1946"]
[BlackElo "1521"]
[PlyCount "49"]
[EventDate "2017.07.24"]
[EventType "swiss"]
[EventRounds "7"]
[EventCountry "LTU"]
[SourceTitle "CBM 179 Extra"]
[Source "ChessBase"]
[SourceDate "2017.08.23"]
[SourceVersion "1"]
[SourceVersionDate "2017.08.23"]
[SourceQuality "1"]

1. e4 c5 2. Nf3 e6 3. d4 cxd4 4. Nxd4 d6 5. Bd3 Nf6 6. 0-0 a6 7. c4 b6 8. Nc3 Bb7 9. f4 g6 10. f5 e5 11. Nc2 Bg7 12. Bg5 h6 13. Bxf6 Bxf6 14. fxg6 fxg6 15. Qg4 0-0 16. Qxg6+ Bg7 17. Ne3 Qg5 18. Rxf8+ Kxf8 19. Rf1+ Kg8 20. Qf7+ Kh7 21. Nf5 Bc6 22. Nd5 Nd7 23. h4 Qg4 24. Be2 Qg6 25. Qxg6+ 1-0

[Event "Vilnius Boksto op"]
[Site "Vilnius"]
[Date "2017.05.21"]
[Round "7"]
[White "Pidluznij, Gleb"]
[Black "Stasius, Vidmantas"]
[Result "1/2-1/2"]
[WhiteElo "1701"]
[BlackElo "1965"]
[PlyCount "99"]
[EventDate "2017.04.30"]
[EventType "swiss"]
[EventRounds "8"]
[EventCountry "LTU"]
[SourceTitle "CBM 178 Extra"]
[Source "ChessBase"]
[SourceDate "2017.06.22"]
[SourceVersion "1"]
[SourceVersionDate "2017.06.22"]
[SourceQuality "1"]

1. d4 Nf6 2. Nc3 e6 3. Bf4 d5 4. e3 a6 5. Nf3 c5 6. a3 Nc6 7. h3 Be7 8. dxc5 Bxc5 9. Bd3 0-0 10. e4 dxe4 11. Nxe4 Nxe4 12. Bxe4 Qb6 13. 0-0 f5 14. Bxc6 Qxc6 15. Be5 b5 16. b4 Be7 17. Qe2 Bb7 18. Rfe1 g5 19. Bb2 Bf6 20. Bxf6 Rxf6 21. Qf1 h6 22. Rac1 Rc8 23. Ne5 Qc3 24. Qd3 Bd5 25. Nd7 Rf7 26. Nc5 Qf6 27. Qe3 f4 28. Qe5 Qxe5 29. Rxe5 Rc6 30. c3 Kg7 31. Ra1 Kf6 32. Ree1 h5 33. f3 g4 34. hxg4 hxg4 35. Kf2 gxf3 36. gxf3 Rg7 37. Rg1 Rxg1 38. Rxg1 a5 39. Rg8 e5 40. Rb8 axb4 41. axb4 Bc4 42. Ne4+ Ke7 43. Rb7+ Kd8 44. Rb8+ Kd7 45. Rb7+ Ke6 46. Rh7 Rc8 47. Rh6+ Ke7 48. Rh7+ Ke6 49. Rh6+ Ke7 50. Rh7+ 1/2-1/2

[Event "Vilnius Boksto op"]
[Site "Vilnius"]
[Date "2017.05.07"]
[Round "3"]
[White "Barsciauskas, Gintautas"]
[Black "Stasius, Vidmantas"]
[Result "0-1"]
[WhiteElo "1632"]
[BlackElo "1965"]
[PlyCount "144"]
[EventDate "2017.04.30"]
[EventType "swiss"]
[EventRounds "8"]
[EventCountry "LTU"]
[SourceTitle "CBM 178 Extra"]
[Source "ChessBase"]
[SourceDate "2017.06.22"]
[SourceVersion "1"]
[SourceVersionDate "2017.06.22"]
[SourceQuality "1"]

1. c4 b6 2. Nf3 Bb7 3. e3 e6 4. Be2 Nf6 5. 0-0 Be7 6. d4 0-0 7. Nc3 d6 8. b3 Ne4 9. Nxe4 Bxe4 10. Nd2 Bg6 11. Bh5 Nd7 12. Bxg6 hxg6 13. Bb2 d5 14. e4 Bb4 15. e5 Bxd2 16. Qxd2 Re8 17. cxd5 exd5 18. Rfe1 Nf8 19. Rac1 Ne6 20. Rc6 Re7 21. Rec1 Rd7 22. g3 g5 23. Kg2 g6 24. Qd3 Qe7 25. a3 Kg7 26. b4 Rh8 27. h3 Rdd8 28. Qf3 Rh7 29. Rh1 Qd7 30. Qf6+ Kg8 31. b5 a6 32. a4 axb5 33. axb5 Ra8 34. Ra1 Rxa1 35. Bxa1 Nf4+ 36. Kf3 Qxh3 37. Ke3 Ne6 38. Bc3 Qf5 39. f3 g4 40. Qxf5 gxf5 41. f4 Rh2 42. Bb4 Rb2 43. Bd6 cxd6 44. exd6 Rxb5 45. Rc8+ Kg7 46. d7 Rb3+ 47. Kd2 Ra3 48. Re8 Ra7 49. Rxe6 Rxd7 50. Rxb6 f6 51. Rc6 Kf7 52. Kd3 Ke7 53. Kd2 Ra7 54. Rc3 Ra2+ 55. Rc2 Ra4 56. Kd3 Ra1 57. Kd2 Rg1 58. Rc3 Rg2+ 59. Ke1 Kd6 60. Rd3 Kc6 61. Rb3 Rc2 62. Re3 Kb5 63. Kd1 Rg2 64. Rc3 Kb4 65. Rc5 Rxg3 66. Rxd5 Rf3 67. Rxf5 g3 68. Ke2 g2 69. Kxf3 g1Q 70. Rxf6 Qxd4 71. Re6 Qd5+ 72. Re4+ Kc3 0-1